[Event "Open A"]
[Site "Moscow RUS"]
[Date "2010.02.01"]
[Round "3"]
[White "Kim,Alex"]
[Black "Kazhgaleyev,M"]
[Result "1/2-1/2"]
[WhiteElo "2465"]
[BlackElo "2643"]

1.e4 d6 2.d4 Nf6 3.Nc3 e5 4.Nf3 Nbd7 5.Bc4 Be7 6.O-O O-O 7.Re1 a6 8.a4 b6
9.Nd5 Bb7 10.dxe5 dxe5 11.Nxe7+ Qxe7 12.Nd2 Nc5 13.f3 Rad8 14.Qe2 Qd7 15.Nb3 Nxa4
16.Bxa6 Bxa6 17.Qxa6 b5 18.Qa7 Qc6 19.Qf2 Ne8 20.Na5 Qa6 21.Bd2 Qb6 22.Bb4 Qxf2+
23.Kxf2 c5 24.Rxa4 bxa4 25.Bxc5 Rc8 26.Bxf8 Kxf8 27.Re2 Nd6 28.Rd2 Ke7 29.c3 Ke6
30.Ke1 a3 31.bxa3 Rxc3 32.a4 g6 33.Rb2 Rc1+ 34.Ke2 f5 35.Nb3 Rh1 36.exf5+ gxf5
37.a5 Kd5 38.a6 Nb5 39.Rc2 Kd6 40.Kf2 Rb1 41.Nd2 Ra1 42.Nc4+ Ke6 43.Re2 Kf6
44.Rb2 Nd4 45.Rb6+ Kg5 46.h4+ Kxh4 47.Nxe5 f4 48.Nd3 Kg5 49.g3 Ra2+ 50.Rb2 fxg3+
51.Kxg3 Rxa6 52.Rb4 Nf5+ 53.Kh3 Ra3 54.Ne5 h5 55.Kg2 Ne3+ 56.Kf2 Nd5 57.Nc4 Rd3
58.Ra4 Rd4 59.Ra5 Kf4 60.Nd6 h4 61.Ra8 Rd2+ 62.Ke1 Rc2 63.Ra4+ Ke5 64.Nc4+ Ke6
65.Nd2 h3 66.Rh4 Rc1+ 67.Kf2 Rc2 68.Ke2 Ra2 69.Kd3 Kf5 70.Rh5+ Ke6 71.Rh6+ Kf7
72.Ne4 Kg7 73.Rh4 h2 74.Ng3 Kg6 75.Nf1 Ra3+ 76.Kd2 Ra2+ 77.Kd3 Nf4+ 78.Kc3 Ra3+
79.Kd2 Rd3+ 80.Kc2 Rxf3 81.Nxh2 Rf2+ 82.Kd1 Kg5 83.Rh8 Ng6 84.Ke1 Ra2 85.Rh3 Kf4
86.Rf3+ Ke4 87.Rf2 Ra1+ 88.Kd2 Nf4 89.Ng4 Nd5 90.Nf6+ Ke5  1/2-1/2

[Event "Open A"]
[Site "Moscow RUS"]
[Date "2010.02.01"]
[Round "3"]
[White "Miton,K"]
[Black "Khismatullin,D"]
[Result "0-1"]
[WhiteElo "2586"]
[BlackElo "2651"]

1.e4 d6 2.d4 Nf6 3.Nc3 e5 4.Nf3 Nbd7 5.Bc4 Be7 6.O-O O-O 7.Re1 a6 8.a4 b6
9.b3 c6 10.Bb2 Bb7 11.Bd3 g6 12.Qd2 Re8 13.dxe5 Nxe5 14.Nd4 Bf8 15.f4 Bh6
16.Qf2 Nxd3 17.cxd3 c5 18.Nc2 d5 19.Rad1 d4 20.Ne2 Qd7 21.h3 Qe6 22.Na1 Nd7
23.Ng3 f6 24.Bc1 Qf7 25.a5 bxa5 26.Qa2 Bc6 27.Qxa5 Reb8 28.Qc7 Rc8 29.Qa5 Bf8
30.Nf1 Bd6 31.Nh2 f5 32.Qd2 Re8 33.e5 Bc7 34.Qc2 a5 35.Nf3 Bd5 36.Nxd4 Bxe5
37.fxe5 cxd4 38.Bb2 Nf8 39.e6 Nxe6 40.Qf2 Qf6 41.Nc2 Qg5 42.Kh2 Qf4+ 43.Qxf4 Nxf4
44.Rxe8+ Rxe8 45.Nxd4 Nxg2 46.Ra1 Nf4 47.Rxa5 Re3 48.Kg1 Rxh3 49.Ba1 Rxd3
50.Kf2 h5 51.Rc5 h4 52.Rc8+ Kf7 53.Rc7+ Ke8 54.Nb5 Nh3+ 55.Ke2 Nf4+ 56.Kf2 Rf3+
57.Ke1 Re3+ 58.Kd2 Re2+ 59.Kc1 Re1+ 60.Kb2 h3  0-1

[Event "Georgi Tringov Mem"]
[Site "Plovdiv BUL"]
[Date "2010.02.01"]
[Round "3"]
[White "Vutov,M"]
[Black "Rusev,K"]
[Result "0-1"]
[WhiteElo "2331"]
[BlackElo "2547"]

1.e4 d6 2.d4 Nf6 3.Nc3 e5 4.Nf3 Nbd7 5.Bc4 Be7 6.O-O O-O 7.Qe2 c6 8.a4 exd4
9.Nxd4 Re8 10.Ba2 Bf8 11.Qf3 Ne5 12.Qd1 Ng6 13.Re1 Qa5 14.h3 Bd7 15.Bd2 Qh5
16.Qxh5 Nxh5 17.Kh2 Nhf4 18.Rad1 Ne6 19.Nf5 Nc5 20.g4 Be6 21.Bxe6 fxe6 22.Ng3 Nh4
23.Rf1 Nf3+ 24.Kg2 Nxd2 25.Rxd2 d5 26.Re1 a6 27.f4 b5 28.axb5 axb5 29.exd5 exd5
30.Rxe8 Rxe8 31.Nce2 Ne6 32.f5 Nc7 33.Nc1 c5 34.Re2 Ra8 35.Re1 c4 36.Nce2 Bc5
37.Kf3 b4 38.Rd1 Ra2 39.Rb1 Kf7 40.h4 Ra8 41.Rd1 Ra2 42.Rb1 g6 43.fxg6+ hxg6
44.h5 gxh5 45.Nxh5 Ne6 46.Nhf4 Ng5+ 47.Kg2 d4 48.Nc1 Ra8 49.b3 Bd6 50.Nh3 Nxh3
51.Kxh3 c3 52.Kg2 Re8 53.Kf2 Re3 54.Ne2 Bc5 55.Rh1 d3 56.cxd3 Rxd3+ 57.Kg2 Kg7
58.Rc1 Kf6 59.Kf1 Rf3+ 60.Ke1 Bf2+  0-1

[Event "8th Gibtelecom Masters"]
[Site "Caleta ENG"]
[Date "2010.02.02"]
[Round "8"]
[White "Flores Chico,J"]
[Black "Nuri,Kam"]
[Result "1-0"]
[WhiteElo "2052"]
[BlackElo "2235"]

1.e4 d6 2.d4 Nf6 3.Nc3 e5 4.dxe5 dxe5 5.Qxd8+ Kxd8 6.Bg5 Nd7 7.Bc4 Ke8 8.O-O-O c6
9.Nf3 b5 10.Bxb5 cxb5 11.Nxb5 Bb7 12.Nc7+ Ke7 13.Nxa8 Bxa8 14.Rhe1 h6 15.Bxf6+ gxf6
16.Nh4 Ke6 17.f3 h5 18.Nf5 Bc6 19.Re3 Nb6 20.Red3 Nc8 21.Rd8 Bb7 22.Re8+  1-0

[Event "2nd Chennai Open"]
[Site "Chennai IND"]
[Date "2010.02.02"]
[Round "10"]
[White "Himanshu,Sh"]
[Black "Koshy,V"]
[Result "0-1"]
[WhiteElo "2457"]
[BlackElo "2281"]

1.e4 d6 2.d4 Nf6 3.Nc3 e5 4.Nge2 Nbd7 5.f3 Be7 6.Be3 h5 7.Qd2 c6 8.a4 h4
9.Nc1 d5 10.exd5 cxd5 11.Nb3 Bb4 12.dxe5 Nxe5 13.O-O-O O-O 14.Qd4 Bxc3 15.Qxc3 Re8
16.Bf2 Bf5 17.Nd4 Rc8 18.Qb3 Bg6 19.Bxh4 Nc4 20.Bg5 Qa5 21.Bxf6 gxf6 22.Bxc4 Rxc4
23.Qb5 Qxa4 24.Qxa4 Rxa4 25.Nb3 Rc8 26.c3 Rb4 27.Nd4 Ra4 28.Nc2 d4 29.Nxd4 Ra1+
30.Kd2 Ra2 31.Rb1 Bxb1 32.Rxb1 Ra5 33.g4 Re5 34.h4 Rd8 35.Kd3 a6 36.Rg1 Kh7
37.f4 Ree8 38.Ra1 f5 39.gxf5 Rg8 40.Re1 Rd7 41.f6 Kg6 42.Rg1+ Kh7 43.Rg5 Rg6
44.h5 Rxf6 45.Ke4 Rb6 46.b4 Rc7 47.Kd3 Rf6 48.Nf5 Rfc6 49.Rg7+ Kh8 50.h6 Rxh6
51.Nxh6 Kxg7 52.Nf5+ Kf6 53.Nd4 Re7 54.c4 Re1 55.c5 Rd1+ 56.Kc3 Rf1 57.b5 axb5
58.Nxb5 Ke6 59.Nd6 b6  0-1

[Event "Georgi Tringov Mem"]
[Site "Plovdiv BUL"]
[Date "2010.02.02"]
[Round "4"]
[White "Mrdja,M"]
[Black "Janev,E"]
[Result "0-1"]
[WhiteElo "2392"]
[BlackElo "2461"]

1.e4 d6 2.d4 Nf6 3.Nc3 e5 4.Nge2 Be7 5.g3 O-O 6.Bg2 Re8 7.O-O Bf8 8.h3 Nbd7
9.Re1 c6 10.a4 a5 11.Be3 exd4 12.Bxd4 Nc5 13.Nf4 Nfd7 14.Nd3 Ne6 15.Be3 g6
16.Qd2 Ne5 17.b3 Bg7 18.Rad1 Qf6 19.Qe2 Nc4 20.Nd5 cxd5 21.bxc4 dxe4 22.Nf4 Ra6
23.Nd5 Qd8 24.Bxe4 Bd7 25.Nf4 Nxf4 26.Bxf4 Bxa4 27.Qf3 Bc6 28.Qd3 a4 29.Bxc6 Rxe1+
30.Rxe1 Rxc6 31.Qd5 a3 32.Bg5 Bf6 33.h4 a2 34.c5 Ra6 35.Ra1 Bxa1 36.Bxd8 Be5  0-1

[Event "Georgi Tringov Mem"]
[Site "Plovdiv BUL"]
[Date "2010.02.02"]
[Round "4"]
[White "Spasov,V"]
[Black "Nadj Hedjesi,B"]
[Result "1-0"]
[WhiteElo "2587"]
[BlackElo "2415"]

1.e4 d6 2.d4 Nf6 3.Nc3 e5 4.Nf3 Nbd7 5.Bc4 Be7 6.O-O c6 7.a4 O-O 8.Re1 b6
9.Bg5 Bb7 10.Bxf6 Bxf6 11.d5 c5 12.a5 bxa5 13.Nd2 Nb6 14.Bf1 Qc8 15.Nb3 a4
16.Na5 Bd8 17.Nxa4 f5 18.Nc3 c4 19.Nxb7 Qxb7 20.exf5 Rxf5 21.Ne4 Nc8 22.Bxc4 Bb6
23.Be2 Qd7 24.Bg4 Rxf2 25.Kh1 Rf5 26.Bxf5 Qxf5 27.Ra3 Qg6 28.Rg3 Qh6 29.Rf1 Ne7
30.Qf3 Qf4 31.Qe2 Qh6 32.Nf6+  1-0

[Event "Georgi Tringov Mem"]
[Site "Plovdiv BUL"]
[Date "2010.02.02"]
[Round "4"]
[White "Georgiev,Kr"]
[Black "Arnaudov,P"]
[Result "1-0"]
[WhiteElo "2447"]
[BlackElo "2207"]

1.e4 d6 2.d4 Nf6 3.Nc3 c6 4.f4 Qa5 5.e5 Ne4 6.Bd2 Nxd2 7.Qxd2 Bf5 8.Nf3 e6
9.Bd3 Bxd3 10.Qxd3 Qa6 11.Qe3 Nd7 12.exd6 Bxd6 13.f5 O-O-O 14.fxe6 fxe6 15.O-O-O Rde8
16.Kb1 Rhf8 17.Rhe1 Re7 18.Qe4 Nf6 19.Qh4 Bb4 20.Qh3 c5 21.Ng5 Rfe8 22.dxc5 Qc4
23.Nce4 Bxc5 24.b3 Qb5 25.Nxe6 Ba3 26.Nxg7+ Nd7 27.Nxe8  1-0

[Event "15th HIT Open B"]
[Site "Nova Gorica SLO"]
[Date "2010.02.04"]
[Round "7"]
[White "Belardinelli,F"]
[Black "Menon,Michele"]
[Result "1-0"]
[WhiteElo "1915"]
[BlackElo "1713"]

1.e4 d6 2.d4 Nf6 3.Nc3 c6 4.f3 Nbd7 5.Be3 Qb6 6.a3 e5 7.Bc4 d5 8.exd5 cxd5
9.Bxd5 Bd6 10.Qd2 Nxd5 11.Nxd5 Qxb2 12.Qc3 Qxc3+ 13.Nxc3 a6 14.d5 f5 15.Nge2 b5
16.Kf2 Bb7 17.Bc1 Bc5+ 18.Kg3 Nf6 19.Re1 Bd6 20.Bb2 Kf7 21.Rad1 Bc5 22.h3 Rad8
23.Nc1 Nh5+ 24.Kh2 Bf2 25.Re2 Bg3+ 26.Kh1 Rhe8 27.Nd3 Nf6 28.Nc5 Ba8 29.Nxa6 e4
30.fxe4 fxe4 31.Nb4 Be5 32.Ba1 Rc8 33.Nxb5 Nxd5 34.Bxe5  1-0

[Event "ch-ROU m"]
[Site "Baile Olanesti ROU"]
[Date "2010.02.05"]
[Round "7"]
[White "Petrisor,A"]
[Black "Badea,B"]
[Result "0-1"]
[WhiteElo "2347"]
[BlackElo "2487"]

1.e4 d6 2.d4 Nf6 3.Nc3 e5 4.Nf3 Nbd7 5.g4 c6 6.g5 Nh5 7.Be3 g6 8.Qd2 Be7
9.O-O-O Qa5 10.Kb1 b5 11.dxe5 Nxe5 12.Nxe5 dxe5 13.Nxb5 Qxd2 14.Rxd2 cxb5
15.Bxb5+ Kf8 16.Bc6 Rb8 17.Bxa7 Rb4 18.b3 Bb7 19.a3 Rxb3+ 20.cxb3 Bxc6 21.f3 Kg7
22.Rc2 Bb5 23.Rd1 Nf4 24.Rc7 Bxg5 25.a4 Ne6 26.Rc2 Ra8 27.Bf2 Be8 28.Rd5 Be7
29.Rxe5 Bd6 30.Rd5 Bxh2 31.a5 Bc7 32.b4 h5 33.Be1 Ba4 34.Rb2 Bc6 35.Rc2 Ba4
36.Rb2 g5 37.b5 Bxa5 38.Bxa5 Rxa5 39.b6 Ra8 40.Ra5 Rxa5 41.b7 Bc2+ 42.Rxc2 Rb5+
43.Rb2 Rxb7 44.Rxb7 Nd4 45.e5 Kg6 46.Rb6+ Kf5 47.Rf6+ Kxe5 48.Rxf7 Nf5 49.Kc1 h4
50.Kd2 h3 51.Rh7 Nh4 52.Re7+ Kf4  0-1

[Event "TCh-Eur Seniors"]
[Site "Dresden GER"]
[Date "2010.02.10"]
[Round "1"]
[White "Jongsma,Alexander"]
[Black "Turikov,V"]
[Result "1-0"]
[WhiteElo "2184"]
[BlackElo "2345"]

1.e4 d6 2.d4 Nf6 3.Nc3 c6 4.Be3 Qa5 5.f3 e5 6.Qd2 Be7 7.Bc4 Nbd7 8.Nge2 O-O
9.O-O Qc7 10.a4 Re8 11.Kh1 Nf8 12.f4 exd4 13.Bxd4 Ne6 14.Bg1 b6 15.Ng3 Bb7
16.Rae1 Rad8 17.Qe2 d5 18.e5 dxc4 19.exf6 Bxf6 20.f5 Nf8 21.Qxc4 c5 22.Rxe8 Rxe8
23.Nh5 Be5 24.Qg4 f6 25.Rd1 Qf7 26.h4 Bxc3 27.bxc3 Re4 28.Nf4 Qc4 29.Bh2 Qxc3
30.Rd8 Qe1+ 31.Bg1 h5 32.Ng6  1-0

[Event "TCh-Eur Seniors"]
[Site "Dresden GER"]
[Date "2010.02.11"]
[Round "2"]
[White "Salov,S"]
[Black "Perk,E"]
[Result "1-0"]
[WhiteElo "2276"]
[BlackElo "2051"]

1.e4 d6 2.d4 Nf6 3.Nc3 c6 4.f4 g6 5.Nf3 Bg7 6.Bd3 O-O 7.O-O a5 8.e5 Nd5 9.Nxd5 cxd5
10.Kh1 Nc6 11.c3 f6 12.exf6 Bxf6 13.Qe1 e6 14.Qg3 Ne7 15.Bd2 Nf5 16.Qf2 Bd7
17.Rae1 b5 18.a3 Ra7 19.Ng5 Bxg5 20.fxg5 Bc8 21.g4 Ng7 22.Qxf8+ Qxf8 23.Rxf8+ Kxf8
24.Bxb5 e5 25.dxe5 dxe5 26.h3 e4 27.Rf1+ Rf7 28.Rf6 Ne8 29.Rb6 Rb7 30.Be3 Rc7
31.Rb8 Bd7 32.Bb6 Rc8 33.Rxc8 Bxc8 34.Bxa5 Bb7 35.Kg1 Kf7 36.Bb4 Nc7 37.Bd7 Ne6
38.Bxe6+ Kxe6 39.Kf2 Bc6 40.Ke3 Bb5 41.Kd4  1-0

[Event "9th Aeroflot Open A"]
[Site "Moscow RUS"]
[Date "2010.02.11"]
[Round "3"]
[White "Savchenko,B"]
[Black "Yudin,S"]
[Result "1-0"]
[WhiteElo "2638"]
[BlackElo "2573"]

1.e4 d6 2.d4 Nf6 3.Nc3 e5 4.Nf3 Nbd7 5.Bc4 Be7 6.O-O O-O 7.Qe2 c6 8.a4 exd4
9.Nxd4 Re8 10.Ba2 Bf8 11.f3 d5 12.Qf2 c5 13.Nf5 d4 14.Nd5 Nxd5 15.Qg3 Ne5
16.Nh6+ Kh8 17.Qxe5  1-0

[Event "TCh-Eur Seniors"]
[Site "Dresden GER"]
[Date "2010.02.12"]
[Round "3"]
[White "Mann,D"]
[Black "Rollwitz,J"]
[Result "1/2-1/2"]
[WhiteElo "1740"]
[BlackElo "1991"]

1.e4 d6 2.d4 Nf6 3.Nc3 e5 4.dxe5 dxe5 5.Qxd8+ Kxd8 6.Bg5 Be6 7.O-O-O+ Nd7
8.Nd5 Kc8 9.f3 c6 10.Nc3 h6 11.Be3 Kc7 12.Bd3 Nc5 13.Nge2 Be7 14.Kb1 Rhd8
15.Nc1 Nfd7 16.Be2 Nb6 17.b3 f6 18.a4 Rxd1 19.Rxd1 Rd8 20.Rxd8 Kxd8 21.a5 Nc8
22.b4 Nd7 23.N3a2 Kc7 24.c3 b6 25.axb6+ axb6 26.Kb2 Nd6 27.Kc2 Nc4 28.Bf2 c5
29.bxc5 Bxc5 30.Bxc5 Nxc5 31.Bxc4 Bxc4 32.Kd2 b5 33.Nb4 Kd6 34.Ke3 Ne6 35.g3 Nc5
36.Kd2 Ke6 37.Ke3 g6 38.f4 Kd6 39.Kd2 Nxe4+  1/2-1/2

[Event "TCh-Eur Seniors"]
[Site "Dresden GER"]
[Date "2010.02.12"]
[Round "3"]
[White "Bukacek,E"]
[Black "Villing,D"]
[Result "1/2-1/2"]
[WhiteElo "2181"]
[BlackElo "2209"]

1.e4 d6 2.d4 Nf6 3.Nc3 c6 4.f4 Qa5 5.Bd3 e5 6.Nf3 Bg4 7.Be3 Nbd7 8.O-O Be7
9.h3 Bh5 10.Qd2 Bxf3 11.Rxf3 exd4 12.Bxd4 O-O 13.a3 Rfe8 14.Re1 d5 15.e5 Bc5
16.Bf2  1/2-1/2

[Event "TCh-Eur Seniors"]
[Site "Dresden GER"]
[Date "2010.02.12"]
[Round "3"]
[White "Simon Padros,E"]
[Black "Turikov,V"]
[Result "1-0"]
[WhiteElo "2229"]
[BlackElo "2345"]

1.e4 d6 2.d4 Nf6 3.Nc3 c6 4.f4 Qa5 5.e5 Ne4 6.Qf3 Nxc3 7.Bd2 Bf5 8.Bd3 Bxd3
9.cxd3 Qd5 10.bxc3 e6 11.Qg3 c5 12.Ne2 g6 13.O-O Nd7 14.Kh1 Bg7 15.f5 dxe5
16.dxe5 Bxe5 17.Nf4 Bxf4 18.Bxf4 gxf5 19.Bc7 Ke7 20.c4 Qd4 21.Rae1 Rac8 22.Rxf5 Rhg8
23.Bd6+ Qxd6 24.Rxf7+ Kxf7 25.Qxd6 Nf6 26.Rxe6 Rg6 27.Qe7+ Kg8 28.Rxf6 Rxf6
29.Qxf6 Rf8 30.Qe6+  1-0

[Event "TCh-Eur Seniors"]
[Site "Dresden GER"]
[Date "2010.02.13"]
[Round "4"]
[White "Koskinen,V"]
[Black "Holscher,P"]
[Result "1/2-1/2"]
[WhiteElo "1990"]
[BlackElo "2043"]

1.e4 d6 2.d4 Nf6 3.Nc3 c6 4.Be2 Nbd7 5.Nf3 e5 6.O-O Qc7 7.a4 b6 8.h3 Bb7
9.Re1 Be7 10.Bf1 O-O 11.Bg5 Rfe8 12.g4 h6 13.Bh4 Nf8 14.Bg3 Ng6 15.Qd2 Rad8
16.Rad1 a6 17.Bg2 c5 18.d5 Bc8 19.Nh2 Bd7 20.Nf1 Nh7 21.Ne3 Bg5 22.Qe2 Qc8
23.Nf5 Bxf5 24.exf5 Nf4 25.Qf3 g6 26.fxg6 fxg6 27.Bxf4 Bxf4 28.Qd3 Kg7 29.Ne4 Rf8
30.c4 Qd7 31.b3 Qe7 32.Re2 Qh4 33.Ng3 Ng5 34.Ne4 Nf7 35.Ng3 Rde8 36.Rde1 Qd8
37.Be4 Qg5 38.Bg2 Bxg3 39.Qxg3 h5 40.gxh5 gxh5 41.Re3 Kh6 42.h4 Qxg3 43.Rxg3 Rg8
44.Ree3 Rg4 45.Be4 Reg8 46.Kg2 R8g7 47.Kh3 Rf4 48.Rxg7 Kxg7 49.Rg3+ Kf8 50.f3 Rf6
51.Bg6 Nh6 52.Bxh5 Nf5 53.Rg5 Nd4 54.Kg3 Nf5+ 55.Kh3  1/2-1/2

[Event "TCh-Eur Seniors"]
[Site "Dresden GER"]
[Date "2010.02.13"]
[Round "4"]
[White "Walther,D"]
[Black "Weiss,W"]
[Result "0-1"]
[WhiteElo "2154"]
[BlackElo "2199"]

1.d4 d6 2.e4 Nf6 3.Nc3 c6 4.f4 d5 5.e5 Ng8 6.Nf3 g6 7.Bd3 Bg7 8.Qe2 h5 9.O-O Nh6
10.Kh1 Bg4 11.h3 Nf5 12.Bxf5 Bxf5 13.Qf2 Nd7 14.Nh4 e6 15.Nxf5 gxf5 16.b3 Bf8
17.a4 Qa5 18.Bd2 Qc7 19.Be3 h4 20.Rfc1 Qa5 21.Ne2 c5 22.c3 Rc8 23.dxc5 Bxc5
24.b4 Bxe3 25.Qxe3 Qb6 26.Nd4 a6 27.a5 Qc7 28.Nf3 Qc4 29.Nd2 Qb5 30.Qd4 Rg8
31.Nf3 Rc4 32.Qd2 Re4 33.Re1 Qc4 34.Rxe4 fxe4 35.Nxh4 Rg3 36.Rc1 Rd3 37.Qe1 e3
38.g3 Qe4+ 39.Ng2 Rd2 40.Qg1 f6 41.Re1 fxe5 42.Qf1 Rf2 43.Qg1 d4 44.f5 exf5  0-1

[Event "TCh-Eur Seniors"]
[Site "Dresden GER"]
[Date "2010.02.13"]
[Round "4"]
[White "Johannsen,I"]
[Black "Rollwitz,J"]
[Result "1/2-1/2"]
[WhiteElo "2071"]
[BlackElo "1991"]

1.e4 d6 2.d4 Nf6 3.Nc3 e5 4.Nf3 Nbd7 5.Bc4 Be7 6.Bxf7+ Kxf7 7.Ng5+ Kg8 8.Ne6 Qe8
9.Nxc7 Qg6 10.O-O Rb8 11.f4 exd4 12.f5 Qf7 13.Qxd4 d5 14.Ne6 Qxe6 15.fxe6 Bc5
16.Be3 Bxd4 17.Bxd4 Nb6 18.Bxb6 axb6 19.exd5 h6 20.Rae1 Kh7 21.d6 Re8 22.d7 Nxd7
23.exd7 Bxd7 24.a3 Bc6 25.h4 Kg6 26.g3 Rbd8 27.Rxe8 Rxe8 28.Kf2 Kh5 29.Kg1 Kg4
30.Kh2 Bf3 31.a4 Re5 32.Ra1 Re7 33.Rf1 Re5 34.Ra1 Re7 35.Rf1 Re5  1/2-1/2

[Event "Noteboom Mem"]
[Site "Leiden NED"]
[Date "2010.02.13"]
[Round "4"]
[White "Villwock,M"]
[Black "Schubert,Ge"]
[Result "1-0"]
[WhiteElo "2212"]
[BlackElo "2071"]

1.e4 d6 2.d4 Nf6 3.Nc3 c6 4.f4 e5 5.dxe5 dxe5 6.Qxd8+ Kxd8 7.fxe5 Ng4 8.Nf3 Nd7
9.Bf4 Bc5 10.Bc4 Rf8 11.Nd1 f6 12.exf6 Ngxf6 13.e5 Ng4 14.Bg3 Ndxe5 15.Be2 Bd6
16.Nd4 Kc7 17.Nc3 Bd7 18.Ne4 Ne3 19.Nxd6 Kxd6 20.Kd2 Nf5 21.Nxf5+ Bxf5 22.Rhe1 Rad8
23.Kc3 Rfe8 24.Bc4 Rd7 25.Rad1+ Kc5 26.Bf2+  1-0

[Event "9th Aeroflot Open A"]
[Site "Moscow RUS"]
[Date "2010.02.13"]
[Round "5"]
[White "Efimenko,Z"]
[Black "Bocharov,D"]
[Result "0-1"]
[WhiteElo "2657"]
[BlackElo "2594"]

1.e4 d6 2.d4 Nf6 3.Nc3 e5 4.Nf3 Nbd7 5.Bc4 Be7 6.O-O O-O 7.Re1 c6 8.a4 b6
9.Bg5 a6 10.d5 c5 11.Bf1 Ne8 12.Be3 g6 13.Bh6 Ng7 14.Qd2 Nf6 15.h3 Kh8 16.Rab1 Ng8
17.Be3 f5 18.exf5 gxf5 19.Bg5 Ra7 20.b4 Bxg5 21.Nxg5 f4 22.Nce4 Nf5 23.bxc5 bxc5
24.Rb8 Qe7 25.Reb1 Nf6 26.Qa5 Rg8 27.Qb6 Rd7 28.Nxf6 Qxf6 29.Ne6 Nd4 30.Bxa6 Qg6
31.Bf1 Nf3+ 32.Kh1 Nd2 33.Qb5 Re7 34.Rxc8 Rxc8 35.Bd3 Qh5 36.f3 Nxb1 37.Qxb1 Qh4
38.Qf1 Ra7 39.Bb5 Rca8 40.Bc6 Rb8 41.Bb5 Kg8 42.c3 Kf7 43.Qe2 Kf6 44.Qf1 Rba8
45.Kg1 c4 46.Qd1 Rg8 47.Bxc4 Qxh3 48.Bf1 Qg3 49.Nd4 Rb7 50.Nb5 Rxb5 51.axb5 Qg7
52.b6 Qb7 53.Qb1 Rb8 54.Kh2 Kg5 55.c4 Qxb6 56.Qxh7 Qb7 57.Qh3 Qc8 58.g4 Qh8
59.Qxh8 Rxh8+ 60.Kg2 Ra8 61.Kf2 Ra2+ 62.Be2 Kf6 63.Ke1 e4 64.fxe4 Ke5 65.g5 Ra3  0-1

[Event "26th Open"]
[Site "Cappelle la Grande FRA"]
[Date "2010.02.14"]
[Round "2"]
[White "Burg,T"]
[Black "Golod,V"]
[Result "1/2-1/2"]
[WhiteElo "2465"]
[BlackElo "2591"]

1.e4 d6 2.d4 Nf6 3.Nc3 e5 4.Nf3 Nbd7 5.Bc4 Be7 6.O-O O-O 7.Re1 c6 8.a4 a5
9.b3 Nb6 10.Bf1 exd4 11.Nxd4 d5 12.e5 Ne8 13.Qf3 g6 14.Nce2 f6 15.exf6 Bxf6
16.Ba3 Be7 17.Bxe7 Qxe7 18.Ng3 Qxe1 19.Rxe1 Rxf3 20.Nxf3 Nf6 21.Ne5 Nbd7
22.f3 Nxe5 23.Rxe5 Bd7 24.Kf2 b5 25.axb5 cxb5 26.Re1 a4 27.Ne2 b4 28.Nc1 axb3
29.cxb3 Rc8 30.Nd3 Rc3 31.Nxb4 Rxb3 32.Nd3 Bb5 33.Ke3 Bxd3 34.Bxd3 Rb2 35.Re2 Rb4
36.Ra2 Kf7 37.g3 Nd7 38.Ra7 Ke6 39.Ra6+ Ke7 40.Ra5 Kd6 41.Ra6+ Ke7 42.Ra5 Kd6
43.Ra6+  1/2-1/2

[Event "9th Aeroflot Open A"]
[Site "Moscow RUS"]
[Date "2010.02.14"]
[Round "6"]
[White "Lopez Martinez,Josep"]
[Black "Yudin,S"]
[Result "1/2-1/2"]
[WhiteElo "2593"]
[BlackElo "2573"]

1.e4 d6 2.d4 Nf6 3.Nc3 e5 4.Nf3 Nbd7 5.Bc4 Be7 6.O-O O-O 7.Re1 a6 8.a4 b6
9.Ba2 c6 10.Bg5 Rb8 11.Qd3 b5 12.axb5 axb5 13.b4 exd4 14.Nxd4 Ne5 15.Qg3 h6
16.Bd2 Nfg4 17.Nd1 Bh4 18.Qa3 Qb6  1/2-1/2

[Event "Uxbridge Int Tal"]
[Site "Uxbridge ENG"]
[Date "2010.02.14"]
[Round "3"]
[White "Ociepka,A"]
[Black "Higgs,A"]
[Result "1-0"]
[WhiteElo "2120"]
[BlackElo "1962"]

1.e4 d6 2.d4 Nf6 3.Nc3 e5 4.Nf3 Nbd7 5.Bc4 h6 6.O-O Be7 7.Re1 c6 8.a4 Qc7
9.Ba2 Nf8 10.Nh4 g5 11.Nf5 Bxf5 12.exf5 N8d7 13.Qd3 Rh7 14.Be3 d5 15.dxe5 Nxe5
16.Qe2 Neg4 17.g3 Nxe3 18.Qxe3 Kf8 19.Rad1 b6 20.Ne2 Bc5 21.Nd4 Re8 22.Qd3 Rxe1+
23.Rxe1 Ne4 24.c3 g4 25.Bb1 Ng5 26.f6 Rh8 27.Qe2 Qd8 28.Qxg4 Qxf6 29.Qc8+ Kg7
30.Nf5+ Kh7 31.Re8 Rxe8 32.Qxe8 Ne4 33.Bxe4 dxe4 34.Qxe4 Kh8 35.Kg2 a5 36.h4 Kg8
37.g4 Kh8 38.f4 Qd8 39.g5 Qd2+ 40.Kh3 Qd7 41.Qe5+ f6 42.Qxf6+ Kg8 43.Qg6+ Kh8
44.Qxh6+ Kg8 45.Qg6+ Kf8 46.Qf6+ Kg8 47.g6 Bf2 48.Kg2 Qd5+ 49.Kxf2 Qd2+ 50.Kf3 Qd1+
51.Ke4 Qh1+ 52.Ke3 Qe1+ 53.Kf3 Qd1+ 54.Kg3 Qg1+ 55.Kh3 Qf1+ 56.Kg4 Qe2+ 57.Kg5  1-0

[Event "TCh-Eur Seniors"]
[Site "Dresden GER"]
[Date "2010.02.15"]
[Round "6"]
[White "Hurme,H"]
[Black "Micheli,C"]
[Result "0-1"]
[WhiteElo "2260"]
[BlackElo "2293"]

1.d4 d6 2.e4 Nf6 3.Nc3 c6 4.f4 Qa5 5.Bd3 e5 6.Nf3 Bg4 7.Be3 Nbd7 8.O-O Be7
9.Qe1 exf4 10.Bxf4 Bxf3 11.gxf3 Nh5 12.Be3 g6 13.f4 Ndf6 14.Qe2 Ng7 15.Kh1 h5
16.a3 d5 17.e5 Ng4 18.f5 gxf5 19.Bxf5 Nxf5 20.Rxf5 Rh7 21.Raf1 O-O-O 22.Rxh5 Rg7
23.Nd1 Qb6 24.c3 c5 25.dxc5 Qg6 26.Rh3 Qe4+ 27.Qf3 Nxe3 28.Nxe3 Bxc5 29.Nf5 Rg5
30.Qxe4 dxe4 31.b4 Rxf5 32.Re1 Bf2 33.Rf1 Rd2 34.c4 Rxe5  0-1

[Event "TCh-Eur Seniors"]
[Site "Dresden GER"]
[Date "2010.02.15"]
[Round "6"]
[White "Villing,D"]
[Black "Perk,E"]
[Result "1-0"]
[WhiteElo "2209"]
[BlackElo "2051"]

1.e4 d6 2.d4 Nf6 3.Nc3 c6 4.f4 g6 5.Nf3 Bg7 6.e5 Nd5 7.Ne4 O-O 8.Be2 Nc7
9.O-O b6 10.Be3 Ba6 11.a4 Bxe2 12.Qxe2 d5 13.Neg5 h6 14.Nh3 e6 15.Bf2 f5
16.exf6 Bxf6 17.Ne5 Bxe5 18.fxe5 Nd7 19.Qg4 Qe8 20.Be3 h5 21.Qg5 Rf7 22.Rxf7 Qxf7
23.Nf4 Kh7 24.Ra3  1-0

[Event "Uxbridge Int Tal"]
[Site "Uxbridge ENG"]
[Date "2010.02.15"]
[Round "5"]
[White "Tart,P"]
[Black "Higgs,A"]
[Result "1/2-1/2"]
[WhiteElo "2078"]
[BlackElo "1962"]

1.e4 d6 2.d4 Nf6 3.Nc3 e5 4.dxe5 dxe5 5.Qxd8+ Kxd8 6.Nf3 Bd6 7.Bc4 Be6 8.Bxe6 fxe6
9.Bg5 a6 10.O-O-O Ke7 11.Ne1 Nc6 12.Nd3 h6 13.Bd2 Raf8 14.f4 Nd7 15.g3 Rf7
16.Be3 Rhf8 17.a3 b5  1/2-1/2

[Event "9th Aeroflot Open A"]
[Site "Moscow RUS"]
[Date "2010.02.16"]
[Round "8"]
[White "Sebag,M"]
[Black "Yudin,S"]
[Result "1-0"]
[WhiteElo "2510"]
[BlackElo "2573"]

1.e4 d6 2.d4 Nf6 3.Nc3 e5 4.Nf3 Nbd7 5.Bc4 Be7 6.O-O O-O 7.Re1 a6 8.a4 b6
9.Ne2 Bb7 10.Ng3 Nxe4 11.Nxe4 d5 12.Nxe5 Nxe5 13.dxe5 dxe4 14.Bf4 Qc8 15.Qh5 g6
16.Qh6 Qf5 17.Re3 Kh8 18.Rh3 g5 19.Rh5 Rg8 20.Bd2 Rg7 21.Bc3 e3 22.f3 Qxc2
23.e6 f6 24.Bxf6 Bxf6 25.Qxf6 Qxc4 26.Rxg5 Rg8 27.Rxg7 Rxg7 28.Rd1 Bd5 29.Qd8+ Rg8
30.Qxd5  1-0

[Event "9th Aeroflot Open A"]
[Site "Moscow RUS"]
[Date "2010.02.16"]
[Round "8"]
[White "Sjugirov,S"]
[Black "Predojevic,B"]
[Result "1/2-1/2"]
[WhiteElo "2610"]
[BlackElo "2642"]

1.e4 d6 2.d4 Nf6 3.Nc3 e5 4.Nf3 Nbd7 5.Bc4 Be7 6.O-O O-O 7.a4 c6 8.Ba2 a5
9.h3 exd4 10.Qxd4 Nc5 11.Be3 Be6 12.Bxe6 Nxe6 13.Qc4 Re8 14.Rad1 Qc8 15.Rd2 Bf8
16.Rfd1 Nc7 17.Qd3 d5 18.e5 Nd7 19.Ng5 g6 20.f4 Nc5 21.Qe2 N7e6 22.Nf3 Qc7
23.g4 f5 24.Kh1 Kh8 25.Rg1 Qf7 26.Qh2 Rad8 27.gxf5 Qxf5 28.Rdd1 Bh6 29.Rg4 d4
30.Nxd4 Nxd4 31.Rxd4 Rxd4 32.Bxd4 Ne6 33.Be3 Rf8 34.Qf2 Bxf4 35.Bxf4 Nxf4
36.e6 Nxe6 37.Qxf5 Rxf5 38.Re4 Ng5 39.Re8+ Kg7 40.Kg2 h5 41.Re7+ Rf7 42.Re5 Nf3
43.Rxa5 Ne1+ 44.Kg1 Nxc2 45.Ra7 b6 46.Ra6 Rb7 47.Ra8 Nb4 48.Rd8 b5 49.axb5 cxb5
50.Rd6 Nc2  1/2-1/2

[Event "Uxbridge Int Fischer"]
[Site "Uxbridge ENG"]
[Date "2010.02.16"]
[Round "7"]
[White "Mcintyre,P"]
[Black "Millward,K"]
[Result "1-0"]
[WhiteElo "2100"]
[BlackElo "1970"]

1.e4 d6 2.d4 Nf6 3.Nc3 c6 4.Be3 Bg4 5.f3 Bh5 6.Qd2 Nbd7 7.Nh3 h6 8.Nf4 e5
9.Nxh5 Nxh5 10.d5 g5 11.g3 Qf6 12.O-O-O Qg6 13.Bh3 Nb6 14.Qe2 Be7 15.Rhg1 Nf6
16.Bf5 Qg7 17.dxc6 bxc6 18.f4 Nfd7 19.Qa6 O-O 20.Bxd7 Nxd7 21.Qxc6 Rfd8 22.Nd5 Bf8
23.Rd3 Rac8 24.Nc7 Nb8 25.Qb7 f6 26.Qd5+ Qf7 27.Ne6 Rd7 28.Rf1 Nc6 29.a3 Nd8
30.f5 Rb7 31.Rb3 Rxb3 32.Qxb3 Nc6 33.Rd1 Be7 34.Qb7 Qe8 35.Bxa7 Na5 36.Qb4 Qc6
37.c3 Nc4 38.Qb3 Qxe4 39.Qc2 Qb7 40.Bf2 d5 41.h4 Rb8 42.Nc5 Bxc5 43.Bxc5 Nxb2
44.Bb4 Nc4 45.Qd3 Rd8 46.hxg5 hxg5 47.Rh1 Qb6 48.Re1 Kg7 49.Qf3 Qc6 50.Rh1 Qe8
51.Rh2 e4 52.Qh1 Qg8 53.Rh6 Qh8 54.Rxh8 Rxh8 55.Qd1 Rd8 56.Qh5 Ra8 57.Qg6+ Kh8
58.Be7  1-0

[Event "BSF 75th Ann."]
[Site "Bronshoj DEN"]
[Date "2010.02.17"]
[Round "5"]
[White "Rasmussen,A"]
[Black "Aabling Thomsen,J"]
[Result "1/2-1/2"]
[WhiteElo "2542"]
[BlackElo "2312"]

1.e4 d6 2.d4 Nf6 3.Nc3 Nbd7 4.Nge2 e5 5.h3 Be7 6.Be3 O-O 7.g4 c6 8.Bg2 b5
9.a3 a5 10.Ng3 Ba6 11.g5 Ne8 12.h4 b4 13.Nce2 Nc7 14.f4 Bxe2 15.Nxe2 Ne6
16.axb4 exf4 17.Nxf4 Nxf4 18.Bxf4 axb4 19.Rxa8 Qxa8 20.O-O Qd8 21.Qf3 Nb6
22.Qg3 Na8 23.Qb3 Nc7 24.Qxb4 Ne6 25.Be3 c5 26.dxc5 dxc5 27.Qc3 Bd6 28.e5 Bc7
29.Bf2 Re8 30.Bc6 Nd4 31.Qxc5 Bb6 32.Qd5 Nxc6 33.Qxc6 Bxf2+ 34.Rxf2 Rxe5
35.Qf3 Qe8 36.Kf1 Re3 37.Qd5 g6 38.Kg2 Re5 39.Qf3 Re3 40.Qd5 Re5 41.Qd1 Re1
42.Qd3 Re3 43.Qd5 Re5 44.Qb3 Re3 45.Qd5  1/2-1/2

[Event "TCh-Eur Seniors"]
[Site "Dresden GER"]
[Date "2010.02.17"]
[Round "8"]
[White "Salov,S"]
[Black "Weiss,W"]
[Result "1/2-1/2"]
[WhiteElo "2276"]
[BlackElo "2199"]

1.e4 d6 2.d4 Nf6 3.Nc3 c6 4.f4 Qa5 5.Bd3 e5 6.Nf3 Bg4 7.dxe5 dxe5 8.fxe5 Nfd7
9.Bf4 Ba3 10.bxa3 Qxc3+ 11.Bd2 Qxa3 12.Rb1  1/2-1/2